00614nam a2200205Ia 4500003000900000008004100009040001300050040001300063041000800076100001300084100001000097245005300107260001700160260000900177300000800186490000600194942000700200999001300207952018800220IT-RoPAU120407s9999 xx 000 0 und d aIT-RoPAU cIT-RoPAU aita aRaffaele cpadre aIl traghetto( e altri 6 volumetti in cofanetto). aEd. Incontri c1964 c cm v1 cBK c115d115 00102ddc406248_400000000000000_13171aPAULUSbPAULUSd2012-04-11l0o248.4.131r2012-04-11 00:00:00w2012-04-11yBKzInserito da: In data: n.d. fondo: Via A.Severo 56 Progr:14708